| 000 | 01105 a2200241 4500 | ||
|---|---|---|---|
| 001 | 3354 | ||
| 005 | 20260407155428.0 | ||
| 008 | 260407a2000 arg spa d | ||
| 003 | AR-UNSa-BCEJYS | ||
| 040 |
_aAR-UNSa-BCEJYS _bspa _cAR-UNSa-BCEJYS |
||
| 080 |
_a657.312 _xTipo de presupuestos |
||
| 245 | 1 | 0 | _aLa gestión presupuestaria |
| 020 | _a950-537-510-7 | ||
| 264 | 1 |
_aBuenos Aires : _bEdiciones Macchi _c2000 |
|
| 300 |
_axxv, 498 p. _c22 cm. |
||
| 505 | _a1. Por qué es necesario operar con presupuestos - 2. Planeamiento y presupuesto - 3. El presupuesto de ventas - 4. Planes de producción y de compras - 5. Costos - 6. El presupuesto económico - 7. El presupuesto financiero - 8. Conceptos generales sobre presupuesto - 9. Control presupuestario - 10. Caso práctico integral - 11. La empresa | ||
| 942 | _cBK | ||
| 590 | _aniveau_biblio:m niveau_hierar:0 | ||
| 100 | 1 | _aLavolpe, Antonio | |
| 700 | 1 | _aCapasso, Carmelo L. | |
| 700 | 1 | _aSmolje, Alejandro R. | |
| 856 | 4 | 1 |
_uhttps://biblioeco.unsa.edu.ar/pmb/images/libros/La Gestion Presupuestaria2-l118306.jpg _yImagen de portada _qimage/jpeg |
| 999 |
_c323 _d323 |
||